000 00478nam a22001817a 4500
003 MPLRDC
005 20220104144142.0
008 210129b ||||| |||| 00| 0 eng d
020 _a9971 66 034 2
082 _a524.9274 DZ 1986
100 _a马来西亚华文独立中学统一课程编委会编
245 _a三角学
_c
250 _a第一版
260 _a
_b胜利书局
_c1986
300 _b
650 _a中等教育--三角学
942 _cBK
_o524.9274 DZ 1986
999 _c46883
_d46873